000 00628nam a2200241Ia 4500
003 OSt
005 20221005114047.0
006 a|||||r|||| 00| 0
007 ta
008 221004b |||||||| |||| 00| 0 hin d
024 _a53804
037 _cTextual
040 _aCRL
_cCRL
_bhin
041 _2hin
_ahin
082 _aO152,3N16,1, 32N8
100 _aChaturvedi Sudhanshu Au.
245 0 _aAmrithavum vishavum
260 _c1998
650 _a HINDI LITERATURE
_923866
650 _aHINDI FICTION
942 _hO152,3N16,1, 32N8
_cTEXL
_2cc
999 _c1030118
_d1030118